000
00239nam a22001097a 4500
008
140102t xxu||||| |||| 00| 0 eng d
020
_a
9789693514964
100
_a
Bano Qudsiya
_9
488
245
_a
Hasil Ghat
300
_a
340
942
_2
ddc
_c
BK
999
_c
16760
_d
16760